| 000 | 00847nam a22002897a 4500 | ||
|---|---|---|---|
| 003 | CHAP | ||
| 005 | 20220329141721.0 | ||
| 008 | 971013s1973 r 00010 d | ||
| 010 | _a72739 | ||
| 011 | _a73711 | ||
| 035 | _a83269 | ||
| 040 | _cCHAP | ||
| 082 |
_a574.5 _bB36 |
||
| 100 | 0 | 0 |
_aBarbour, Michael G. _910135 |
| 245 | _aCoastal ecology ; Bodega Head | ||
| 260 |
_aBerkeley : _bUniv. of California, _c1973 |
||
| 300 |
_a338 p. _b: ilus. |
||
| 590 |
_aBATCH-UPD _b10 _c20130110 _lUCH01 _h1506 |
||
| 590 |
_aBATCH-UPD _b10 _c20130410 _lUCH01 _h0925 |
||
| 590 |
_aBATCH-UPD _b10 _c20130914 _lUCH01 _h0538 |
||
| 590 |
_aCONVERSION _b10 _c20130109 _lUCH01 _h1340 |
||
| 650 | 1 | 4 |
_aEcologĂa. _935134 |
| 650 | 1 | 4 |
_aFlora costera. _941318 |
| 901 | _aBK | ||
| 942 | _cLIBRO | ||
| 949 |
_a574.5 B36 _bBC _cLIBRO _d33724000468955 _eLIBRO _h41065 _i83269 _si |
||
| 999 |
_c72739 _d72739 |
||